<A> Microanalysis of pension reform: to switch or not to switch in the Czech Republic?

Skúmanie mikroekonomického dopadu reformy dôchodkového systému v ČR, a jeho prechod z verejného, nefondového základu na súkromný, fondový základ. Tri rôzne schémy dôchodkovej reformy.

Gespeichert in:
Bibliographische Detailangaben
1. Verfasser: Ježek, Michal
Format: Buchkapitel
Sprache:Englisch
Schlagworte:
Tags: Tag hinzufügen
Keine Tags, Fügen Sie das erste Tag hinzu!

MARC

LEADER 00000naa$a2200000$$$4500
001 0004614
005 20231004102610.7
041 0 |a eng 
044 |a CZ 
245 1 0 |a <A> Microanalysis of pension reform: to switch or not to switch in the Czech Republic?  |c aut. Michal Ježek 
520 |a Skúmanie mikroekonomického dopadu reformy dôchodkového systému v ČR, a jeho prechod z verejného, nefondového základu na súkromný, fondový základ. Tri rôzne schémy dôchodkovej reformy. 
610 2 0 |a Česko 
610 2 0 |a reformy dôchodkové 
610 2 0 |a systémy dôchodkové 
610 2 0 |a demografia 
610 2 0 |a populácia 
610 2 0 |a vek 
610 2 0 |a modely 
610 2 0 |a mzdy 
100 1 |a Ježek, Michal